[ULTIMATE 5th Gen] Name KPOP Girl Group Idols - Statistics

General Stats
  • This quiz has been taken 493 times
    108 since last reset
  • The average score is 47 of 128
Answer Stats
BABYMONSTER % Correct
Moka
94%
Wonhee
93%
Iroha
91%
Minju
90%
Ahyeon
89%
Asa
89%
Yunah
89%
Chiquita
88%
Pharita
85%
Rora
83%
Ana
81%
Anna
81%
Ruka
81%
Belle
80%
Rami
80%
Ian
79%
Julie
79%
Natty
79%
Jiwoo
77%
Ella
75%
Stella
75%
Haneul
72%
Yeon
72%
Juun
68%
Carmen
67%
Sooin
65%
Gawon
63%
Narin
60%
Yuha
59%
Kya
57%
Jeemin
54%
Jiyu
53%
Chaewon
48%
Haum
47%
Leesol
44%
Hitomi
43%
Mei
43%
Sui
42%
Chanelle Moon
41%
Xinyu
41%
Dahyun
40%
Kaede
38%
Koko
38%
Kotone
38%
May
38%
Nien
38%
Mai
36%
Nakyoung
35%
Seoyeon
35%
Emma
33%
Gehlee
33%
Seoah
33%
Seowon
33%
Sullin
33%
Kotoko
32%
Lynn
32%
Sarang
32%
Soomin
32%
Sohyun
31%
Yooyeon
31%
Yubin
31%
Athena
30%
Chaeyeon
30%
Hayeon
30%
Hyerin
30%
Jungeun
30%
Mayu
30%
Saebi
30%
Shion
30%
Joobin
27%
Yeonji
27%
Jiyeon
26%
Woni
25%
MiU
23%
Chloe Young
22%
Doeun
22%
Mashiro
22%
Sasha
22%
Zena
22%
Keena
21%
Yunha
21%
Hana
20%
Yoona
20%
Jieun
19%
Liv
19%
Minami
19%
Elisia
17%
Hyeonju
17%
Jiana
17%
Nagomi
17%
Nana
17%
Serina
17%
Dohee
16%
Kelly
16%
Sunhye
16%
H'UE
15%
INA
15%
Kumi
15%
Mia
15%
Vin
15%
Yihyun
15%
Kanny
14%
Shuie
14%
Yeonjung
14%
Yewon
14%
Junhwi
12%
Soha
12%
Yunseo
12%
Seungjoo
11%
Beni
10%
Kasia
10%
Rahee
9%
Jiu
7%
Roah
7%
Taerin
7%
Meu
6%
Kurumi
5%
Kylie
5%
Lingling
5%
Won Hwayeon
5%
Brittney
4%
Doyeon
4%
Harin
4%
Ilee
4%
Lena
4%
Liwon
4%
Rana
4%
No matching quizzes found
Score Distribution
Percent of People with Each Score
Percentile by Number Answered
Your Score History
You have not taken this quiz since the last reset